[Event "Budapest FS09 FM-B"]
[Site "Budapest"]
[Date "2003.09.13"]
[Round "8"]
[White "Ferenczi, Jozsef"]
[Black "Bibas, David"]
[Result "0-1"]
[WhiteElo "2040"]
[BlackElo "2063"]
[PlyCount "97"]
[EventDate "2003.09.08"]
[EventType "tourn"]
[EventRounds "11"]
[EventCountry "HUN"]
[SourceTitle "EXT 2005"]
[Source "ChessBase"]
[SourceDate "2004.11.15"]
[SourceVersion "1"]
[SourceVersionDate "2004.11.15"]
[SourceQuality "1"]

1. d4 Nf6 2. c4 g6 3. Nc3 Bg7 4. e4 d6 5. Nf3 0-0 6. Be2 e5 7. dxe5 dxe5 8. Bg5 c6 9. Qxd8 Rxd8 10. Nxe5 Re8 11. f4 h6 12. Bxf6 Bxf6 13. 0-0-0 Bxe5 14. fxe5 Nd7 15. e6 Rxe6 16. Bg4 Re7 17. Rd6 Kg7 18. Rhd1 Ne5 19. Bxc8 Rxc8 20. b3 Ng4 21. h3 Nf6 22. Rf1 Ne8 23. Rd3 Nf6 24. Rd6 Nd7 25. g4 Rce8 26. Kb2 Nc5 27. Rdf6 Nd3+ 28. Ka3 Rd8 29. R6f3 Nc5 30. Re3 Rd2 31. Rd1 Red7 32. Rxd2 Rxd2 33. Kb4 Rd3 34. Rxd3 Nxd3+ 35. Ka5 g5 36. a3 Kf6 37. Ne2 Ke5 38. Ng3 Nf4 39. Nf5 Nxh3 40. b4 Nf2 41. Nxh6 f6 42. Nf7+ Kxe4 43. Nd6+ Ke3 44. c5 Nxg4 45. Nxb7 Ne5 46. Nd6 g4 47. Ka6 Kf4 48. a4 g3 49. b5 0-1

[Event "Budapest FS09 FM-B"]
[Site "Budapest"]
[Date "2003.09.13"]
[Round "9"]
[White "Hoang, Tri"]
[Black "Ferenczi, Jozsef"]
[Result "1-0"]
[WhiteElo "2060"]
[BlackElo "2040"]
[PlyCount "47"]
[EventDate "2003.09.08"]
[EventType "tourn"]
[EventRounds "11"]
[EventCountry "HUN"]
[SourceTitle "EXT 2005"]
[Source "ChessBase"]
[SourceDate "2004.11.15"]
[SourceVersion "1"]
[SourceVersionDate "2004.11.15"]
[SourceQuality "1"]

1. d4 g6 2. e4 Bg7 3. Nc3 d6 4. f4 Nf6 5. Nf3 0-0 6. Bd3 Nc6 7. Be3 Ng4 8. Qe2 Nxe3 9. Qxe3 Bg4 10. e5 e6 11. h4 h5 12. 0-0-0 a6 13. Rdg1 Nb4 14. Be2 Rc8 15. b3 Nd5 16. Nxd5 exd5 17. Ng5 Bf5 18. g4 hxg4 19. Bxg4 Qd7 20. Qh3 Bxg4 21. Rxg4 Qf5 22. h5 gxh5 23. Qxh5 c5 24. Ne6 1-0

[Event "Budapest FS03 FM-A"]
[Site "Budapest"]
[Date "2003.??.??"]
[Round "1"]
[White "Harmatosi, Jozsef"]
[Black "Ferenczi, Jozsef"]
[Result "1-0"]
[WhiteElo "2250"]
[BlackElo "2030"]
[PlyCount "65"]
[EventDate "2003.03.01"]
[EventType "tourn"]
[EventRounds "11"]
[EventCountry "HUN"]
[SourceTitle "CBM 093 Extra"]
[Source "ChessBase"]
[SourceDate "2003.05.09"]
[SourceVersion "1"]
[SourceVersionDate "2003.05.09"]
[SourceQuality "1"]

1. d4 d5 2. Nf3 c6 3. c3 g6 4. Bf4 Bg7 5. e3 Nf6 6. h3 Bf5 7. Nbd2 0-0 8. Be2 Nbd7 9. 0-0 Nb6 10. Qb3 h6 11. a4 g5 12. Bh2 Qc8 13. a5 Nbd7 14. c4 e6 15. a6 b6 16. Rfc1 c5 17. cxd5 exd5 18. Bb5 c4 19. Qa4 Nb8 20. Ne5 h5 21. Rc3 Qe6 22. b3 Ne4 23. Nxe4 Bxe4 24. bxc4 Bxe5 25. Bxe5 g4 26. h4 Rc8 27. Rac1 Qf5 28. cxd5 Rxc3 29. Rxc3 Bxd5 30. Bd3 Qe6 31. Bf5 Bc6 32. Bxe6 Bxa4 33. Rc8+ 1-0

[Event "Budapest FS02 FM-A"]
[Site "Budapest"]
[Date "2002.02.09"]
[Round "8"]
[White "Ladanyi, Gyula"]
[Black "Ferenczi, Jozsef"]
[Result "1-0"]
[WhiteElo "2004"]
[BlackElo "2057"]
[PlyCount "81"]
[EventDate "2002.02.02"]
[EventType "tourn"]
[EventRounds "13"]
[EventCountry "HUN"]
[SourceTitle "CBM 086 Extra"]
[Source "ChessBase"]
[SourceDate "2002.03.14"]
[SourceVersion "1"]
[SourceVersionDate "2002.03.14"]
[SourceQuality "1"]

1. d4 c6 2. Nf3 d5 3. g3 Nf6 4. Bg2 Bf5 5. 0-0 h6 6. c4 e6 7. Nc3 Bd6 8. Nd2 Bc7 9. e4 dxe4 10. Ndxe4 Nbd7 11. b3 Nxe4 12. Nxe4 Nf6 13. Nxf6+ Qxf6 14. Bb2 Rd8 15. Qe2 Qg6 16. Rfd1 0-0 17. d5 exd5 18. cxd5 Rfe8 19. Qc4 Bg4 20. Re1 Bb6 21. dxc6 Qf5 22. Rxe8+ Rxe8 23. Bd4 bxc6 24. Bxb6 axb6 25. Qxc6 Re2 26. Qxb6 Qe5 27. Qd8+ Kh7 28. Qd3+ Bf5 29. Qd1 Bc2 30. Qc1 Qd4 31. Qf1 Rd2 32. Qe1 f5 33. Rc1 h5 34. Bf3 g6 35. Qe3 Qb4 36. Qa7+ Kh6 37. Qe3+ Kh7 38. h4 Rd3 39. Qa7+ Kh6 40. Rxc2 Rxf3 41. Qc5 1-0

[Event "Budapest FS02 FM-A"]
[Site "Budapest"]
[Date "2002.02.08"]
[Round "7"]
[White "Ferenczi, Jozsef"]
[Black "Szirmai, Eduard"]
[Result "1/2-1/2"]
[WhiteElo "2057"]
[BlackElo "2154"]
[PlyCount "147"]
[EventDate "2002.02.02"]
[EventType "tourn"]
[EventRounds "13"]
[EventCountry "HUN"]
[SourceTitle "CBM 086 Extra"]
[Source "ChessBase"]
[SourceDate "2002.03.14"]
[SourceVersion "1"]
[SourceVersionDate "2002.03.14"]
[SourceQuality "1"]

1. d4 g6 2. c4 Bg7 3. Nc3 d6 4. g3 Nc6 5. e3 e5 6. d5 Nce7 7. e4 f5 8. Bd3 Nf6 9. Be3 0-0 10. h3 fxe4 11. Nxe4 Nxe4 12. Bxe4 Nf5 13. Qd2 Nxe3 14. Qxe3 Bf5 15. Bxf5 gxf5 16. Ne2 Qf6 17. 0-0 Bh6 18. Qf3 Qg6 19. Kh2 Rae8 20. Rad1 b6 21. b4 Kh8 22. Rg1 Ra8 23. a4 a5 24. b5 Rf7 25. Qc3 Qh5 26. Nf4 Qg5 27. Ne6 Qf6 28. f4 Bg7 29. Nxg7 Qxg7 30. Rde1 Re8 31. Rg2 Rfe7 32. Rge2 Qf6 33. fxe5 dxe5 34. c5 bxc5 35. Qxc5 f4 36. Qc3 fxg3+ 37. Qxg3 Rg7 38. Qe3 e4 39. Rf2 Qe5+ 40. Qf4 Qxd5 41. Rfe2 e3 42. Qf6 Kg8 43. Rf1 Qd3 44. Qf3 Qd6+ 45. Kh1 Qe5 46. Qf4 Qe4+ 47. Qf3 Rf7 48. Rg1+ Kf8 49. Qxe4 Rxe4 50. Rg4 Rxg4 51. hxg4 Rf4 52. Rxe3 Rxa4 53. Rc3 Rb4 54. Rxc7 Kg8 55. Rc1 Kg7 56. Rc7+ Kg6 57. Rc6+ Kg5 58. Rc5+ Kxg4 59. b6 a4 60. b7 Rb1+ 61. Kg2 Rb2+ 62. Kh1 a3 63. Rc4+ Kf5 64. Ra4 Rxb7 65. Rxa3 Rb4 66. Kh2 Kg4 67. Rg3+ Kf4 68. Kh3 Rb1 69. Rg4+ Kf5 70. Rg2 h5 71. Rf2+ Kg5 72. Rg2+ Kf4 73. Rg7 Kf5 74. Rg2 1/2-1/2

[Event "Budapest FS02 FM-A"]
[Site "Budapest"]
[Date "2002.02.07"]
[Round "6"]
[White "Hocevar, Nikola"]
[Black "Ferenczi, Jozsef"]
[Result "1/2-1/2"]
[WhiteElo "2134"]
[BlackElo "2057"]
[PlyCount "64"]
[EventDate "2002.02.02"]
[EventType "tourn"]
[EventRounds "13"]
[EventCountry "HUN"]
[SourceTitle "CBM 086 Extra"]
[Source "ChessBase"]
[SourceDate "2002.03.14"]
[SourceVersion "1"]
[SourceVersionDate "2002.03.14"]
[SourceQuality "1"]

1. c4 c6 2. e4 e6 3. Nc3 Ne7 4. d4 d5 5. Nf3 dxc4 6. Bxc4 Ng6 7. 0-0 Nd7 8. Bb3 Nb6 9. Be3 Be7 10. Qd2 0-0 11. Rac1 Kh8 12. e5 Nd5 13. Nxd5 exd5 14. Ne1 Bf5 15. h3 Qd7 16. Kh2 f6 17. f4 Be4 18. Nd3 Nh4 19. Ne1 Ng6 20. Rf2 a5 21. Nf3 h6 22. Qe2 fxe5 23. Nxe5 Nxe5 24. dxe5 a4 25. Bc2 Bxc2 26. Qxc2 Qe6 27. Bc5 Bxc5 28. Qxc5 h5 29. Qe3 Rae8 30. Re1 Qf5 31. Kg1 b5 32. Qf3 Re6 1/2-1/2

[Event "Budapest FS02 FM-A"]
[Site "Budapest"]
[Date "2002.02.05"]
[Round "4"]
[White "Pirau, Horatiu"]
[Black "Ferenczi, Jozsef"]
[Result "0-1"]
[WhiteElo "2168"]
[BlackElo "2057"]
[PlyCount "60"]
[EventDate "2002.02.02"]
[EventType "tourn"]
[EventRounds "13"]
[EventCountry "HUN"]
[SourceTitle "CBM 086 Extra"]
[Source "ChessBase"]
[SourceDate "2002.03.14"]
[SourceVersion "1"]
[SourceVersionDate "2002.03.14"]
[SourceQuality "1"]

1. c4 c6 2. e4 d5 3. exd5 cxd5 4. d4 Nf6 5. Nc3 e6 6. Nf3 Be7 7. Bf4 a6 8. Bd3 dxc4 9. Bxc4 b5 10. Bb3 Bb7 11. 0-0 Nd5 12. Bd2 0-0 13. Re1 Nxc3 14. bxc3 Nd7 15. Bf4 Rc8 16. Qd3 Re8 17. a4 Nc5 18. Qd1 Ne4 19. axb5 Nxc3 20. bxa6 Nxd1 21. axb7 Nc3 22. Rxe6 Qd7 23. bxc8Q Rxc8 24. Ree1 Bf6 25. Ne5 Qxd4 26. Nxf7 Ne2+ 27. Kh1 Nxf4 28. Nd6+ Kf8 29. Nxc8 Qxf2 30. Rg1 Bxa1 0-1

[Event "Budapest FS02 FM-A"]
[Site "Budapest"]
[Date "2002.02.03"]
[Round "2"]
[White "Frank, Jozsef1111"]
[Black "Ferenczi, Jozsef"]
[Result "1/2-1/2"]
[WhiteElo "2005"]
[BlackElo "2057"]
[PlyCount "70"]
[EventDate "2002.02.02"]
[EventType "tourn"]
[EventRounds "13"]
[EventCountry "HUN"]
[SourceTitle "CBM 086 Extra"]
[Source "ChessBase"]
[SourceDate "2002.03.14"]
[SourceVersion "1"]
[SourceVersionDate "2002.03.14"]
[SourceQuality "1"]

1. d4 c6 2. Nf3 d5 3. g3 g6 4. Bg2 Bg7 5. c3 Nf6 6. 0-0 0-0 7. Bg5 Bf5 8. Nbd2 Nbd7 9. Re1 Ne4 10. Nxe4 Bxe4 11. Nd2 Bxg2 12. Kxg2 f6 13. Bf4 e5 14. Be3 f5 15. dxe5 Nxe5 16. Qb3 b6 17. Bd4 f4 18. Rad1 Kh8 19. Bxe5 Bxe5 20. Nf3 Qf6 21. Nxe5 Qxe5 22. Qa4 Qh5 23. f3 Rf6 24. c4 Raf8 25. cxd5 g5 26. g4 Qh4 27. d6 h5 28. d7 hxg4 29. d8Q Qh3+ 30. Kg1 g3 31. Qxf6+ Rxf6 32. Rd8+ Kg7 33. Rd7+ Qxd7 34. hxg3 fxg3 35. Kg2 Rh6 1/2-1/2

[Event "HUN-chT2 9899"]
[Site "Hungary"]
[Date "1999.??.??"]
[Round "?"]
[White "Ferenczi, Jozsef"]
[Black "Farago, Sandor"]
[Result "0-1"]
[WhiteElo "2155"]
[BlackElo "2285"]
[PlyCount "70"]
[EventDate "1998.??.??"]
[EventType "team"]
[EventRounds "12"]
[EventCountry "HUN"]
[SourceTitle "EXT 2000"]
[Source "ChessBase"]
[SourceDate "1999.11.16"]
[SourceVersion "1"]
[SourceVersionDate "1999.11.16"]
[SourceQuality "1"]

1. e4 c5 2. Bc4 e6 3. Nc3 a6 4. a4 Nc6 5. f4 g6 6. Nf3 Bg7 7. d3 Nge7 8. e5 d5 9. exd6 Qxd6 10. Ne4 Qc7 11. 0-0 b6 12. c3 h6 13. Be3 Bb7 14. Qc2 Rd8 15. Rad1 0-0 16. h3 Nd5 17. Qd2 Nce7 18. Nh4 f5 19. Nf2 Kh7 20. Nh1 e5 21. fxe5 Nxe3 22. Qxe3 Bxe5 23. Nf3 Bf4 24. Qf2 Nd5 25. Bxd5 Bxd5 26. Rfe1 Bb3 27. Ra1 Rxd3 28. g3 Bd6 29. Qe2 c4 30. Kg2 Bc5 31. Nf2 Re3 32. Qd2 Rd8 33. Qc1 Rde8 34. Rxe3 Rxe3 35. Qd2 Qc6 0-1

[Event "Budapest FS06 schev"]
[Site "Budapest"]
[Date "1999.??.??"]
[Round "?"]
[White "Schlusnik, Nandor"]
[Black "Ferenczi, Jozsef"]
[Result "1-0"]
[WhiteElo "2254"]
[BlackElo "2100"]
[PlyCount "27"]
[EventDate "1999.06.??"]
[EventType "schev"]
[EventRounds "9"]
[EventCountry "HUN"]
[SourceTitle "EXT 2004"]
[Source "ChessBase"]
[SourceDate "2003.11.25"]
[SourceVersion "1"]
[SourceVersionDate "2003.11.25"]
[SourceQuality "1"]

1. e4 c6 2. d4 d5 3. Nc3 dxe4 4. Nxe4 Bf5 5. Ng3 Bg6 6. Nf3 Nf6 7. h4 Nh5 8. Ne2 e6 9. Ne5 Nd7 10. g4 Nhf6 11. f3 h5 12. Nxg6 fxg6 13. Qd3 Qe7 14. Nf4 1-0

[Event "Harkany Tenkes Cup"]
[Site "Harkany"]
[Date "1998.??.??"]
[Round "?"]
[White "Ferenczi, Jozsef"]
[Black "Bauer, Peter2222"]
[Result "0-1"]
[WhiteElo "2155"]
[BlackElo "2195"]
[PlyCount "54"]
[EventDate "1998.11.??"]
[EventType "swiss"]
[EventRounds "9"]
[EventCountry "HUN"]
[SourceTitle "EXT 2002"]
[Source "ChessBase"]
[SourceDate "2001.11.25"]
[SourceVersion "1"]
[SourceVersionDate "2001.11.25"]
[SourceQuality "1"]

1. e4 c5 2. Bc4 Nc6 3. Nf3 e6 4. Nc3 Nf6 5. d3 a6 6. Bg5 h6 7. Bh4 g5 8. Bg3 Nh5 9. 0-0 Nf4 10. Qd2 Qf6 11. h3 Bd6 12. Nh2 h5 13. Rab1 Be5 14. Nf3 Bc7 15. h4 g4 16. Nh2 b5 17. Bb3 Bb7 18. Ne2 e5 19. f3 Nxe2+ 20. Qxe2 Nd4 21. Qd2 Qd6 22. fxg4 c4 23. dxc4 Bxe4 24. Qf2 f5 25. gxf5 Nxb3 26. axb3 Bb6 27. Bxe5 Bxf2+ 0-1

[Event "Nyiregyhaza op"]
[Site "Nyiregyhaza"]
[Date "1998.??.??"]
[Round "3"]
[White "Szarvas, Peter"]
[Black "Ferenczi, Jozsef"]
[Result "1-0"]
[WhiteElo "2155"]
[BlackElo "2140"]
[PlyCount "41"]
[EventDate "1998.07.??"]
[EventType "swiss"]
[EventRounds "9"]
[EventCountry "HUN"]
[SourceTitle "EXT 2002"]
[Source "ChessBase"]
[SourceDate "2001.11.25"]
[SourceVersion "1"]
[SourceVersionDate "2001.11.25"]
[SourceQuality "1"]

1. e4 e6 2. d4 d5 3. Nc3 dxe4 4. Nxe4 Nf6 5. Bg5 Be7 6. Bxf6 Bxf6 7. Nf3 0-0 8. Qd2 b6 9. 0-0-0 Bb7 10. Qe3 Ba6 11. c4 c6 12. Bd3 h6 13. g4 Be7 14. h4 Nd7 15. g5 hxg5 16. hxg5 g6 17. Rh6 Kg7 18. Rdh1 Rg8 19. Qf4 Nf8 20. Ne5 Qe8 21. Qf6+ 1-0

[Event "Centrocoop op"]
[Site "Eforie Nord"]
[Date "1997.??.??"]
[Round "?"]
[White "Andries, Eugen"]
[Black "Ferenczi, Jozsef"]
[Result "1-0"]
[WhiteElo "1630"]
[BlackElo "2165"]
[PlyCount "78"]
[EventDate "1997.??.??"]
[EventType "swiss"]
[EventRounds "11"]
[EventCountry "ROU"]
[SourceTitle "EXT 2010"]
[Source "ChessBase"]
[SourceDate "2010.11.25"]
[SourceVersion "1"]
[SourceVersionDate "2010.11.25"]
[SourceQuality "1"]

1. e4 e6 2. d4 d5 3. exd5 exd5 4. Nc3 Nf6 5. Bg5 Be7 6. Bd3 Nc6 7. Nf3 0-0 8. 0-0 Nb4 9. Be2 h6 10. Bh4 Nc6 11. Re1 Nh7 12. Bxe7 Nxe7 13. Bd3 c6 14. Ne5 Bf5 15. Be2 Ng6 16. Bd3 Bxd3 17. Qxd3 Nxe5 18. dxe5 Ng5 19. f4 Ne6 20. f5 Nc5 21. Qg3 Qg5 22. Qf2 b6 23. Re3 Qh5 24. e6 Nb7 25. Qf4 Rac8 26. Rg3 Kh7 27. Rf1 Rfe8 28. Rgf3 fxe6 29. fxe6 Re7 30. Qg3 Rec7 31. Ne2 Nd6 32. Qxd6 Qh4 33. Rg3 Qe4 34. Nc3 Qxc2 35. Qa3 b5 36. Qb3 Qd2 37. Nd1 Qd4+ 38. Qe3 Qc4 39. a3 d4 1-0